000 01764nam a22002897i 4500
999 _c23658
_d23658
003 AR-CdUCM
008 260429b2023 do||| |||| 00| 0 spa d
020 _a978-612-45900-6-1
040 _aMUNICIPALIDAD PROVINCIAL DEL CUSCO
_cBIBLIOTECA MUNICIPAL DEL CUSCO
041 _hspa
082 _24ª Ed.
_a616.0252
_bM36
100 _aMedina Cabrera, Alejandro
_952789
245 _aPrimeros auxilios e inyectables /
260 _aLima, Perú :
_bEdigraber
_c2023
300 _a800 páginas. :
_c14,5x20 cm.
500 _zBibliografía : página 800
505 _aIntroducción a los primeros auxilios -- Evaluación inicial del paciente -- Signos vitales y su control -- Bioseguridad en la atención de emergencias -- Manejo de heridas y hemorragias -- Tratamiento de quemaduras -- Fracturas, esguinces y luxaciones -- Reanimación cardiopulmonar (RCP) básica -- Obstrucción de vías aéreas y maniobras de desobstrucción -- Atención en casos de shock -- Intoxicaciones y envenenamientos -- Emergencias médicas comunes -- Transporte adecuado de pacientes -- Principios de farmacología básica -- Técnicas de inyección intradérmica -- Técnicas de inyección subcutánea -- Técnicas de inyección intramuscular -- Preparación y administración de medicamentos -- Materiales e instrumentos para inyectables -- Normas de asepsia y antisepsia -- Manejo de residuos biocontaminados
650 _aPrimeros auxilios
_924100
650 _aInyecciones (Medicina)
_952790
650 _aAtención de emergencias
_952791
650 _aEnfermería básica
_952792
650 _aTécnicas de inyección
_952793
650 _aProcedimientos médicos básicos
_952794
856 _fwww.edigraberperu.com
942 _2ddc
_cLIBROS
945 _aesh
_d29-04-2026